LEADER 01813nam a2200289 u 4500 001 000000041850 003 CaOOAMICUS 005 20100607124108.0 008 990215s1546 fr u000 u lat u 026 $an-e- .4or$bs.re dire (3)$c1546 (A) 035 $a10814159 040 $aPUL(R)$bita$dsasa 245 00$aPragmatica sanctio cum glossis egregii, eminentisque scientiae viri, Domini Cosme Guimier ... Quibus accesserunt ad cuiuslibet decreti, parraphos, summaria, ... necnon glossae ac additiones, ...Opera aut labore D. Philippi Probi Biturici. Non desunt indices alphabetici, tam glossarum eiusdem D. Guimier, quam additionum dicti D. Probi . 260 $aParisiis :$bapud Galeotum à Prato,$c1546. 300 $a[32], 417, [1] c. ;$c8° (18 cm) 500 $aSegnatura: a8 e8 i8 o8 u8 a-z8 A-Z8 Aa-Ee8 Ff10 500 $aIniziali xil. 662 $aFrancia$dParigi.$0(OLS)http://pul/subject/35022 700 1 $aGuymier, Cosme,$dsec. XV.$0(OLS)http://pul/name/76568 700 1 $aProbus, Philippus.$0(OLS)http://pul/name/76569 710 0 $aDu Pré, Galliot$4pbl.$0(OLS)http://pul/name/76241 850 $aPUL 852 $aPUL$W1$xDP1 Antico 500$y12$m182 B 5$j56641$nBK-PRI$qStampati Antico$B56641$CPULBib$Z2$F56641 $82 941 1 $a15 961 $aPrecedenti collocazioni: 80, 02, X VII 2.Note mss. sulla carta di guardia. 996 $6245$aPragmatica sanctio cum glossis egregii, eminentisque scientiae viri, Domini Cosme Guimier ... Quibus accesserunt ad cuiuslibet decreti, parraphos, summaria, ... necnon glossae ac additiones, ...Opera aut labore D. Philippi Probi Biturici. Non desunt indices alphabetici, tam glossarum eiusdem D. Guimier, quam additionum dicti D. Probi $9(OLS)http://pul/title/56463 996 $6260$aParisiis :$bapud Galeotum à Prato$9(OLS)http://pul/publisher/64688 LEADER 01775nam a2200325 u 4500 001 000000030434 003 CaOOAMICUS 005 20140409130927.0 008 970915m19499999fr u000 u fre r 035 $a10769439 040 $aISA(R)$bita 100 1 $aFestugière, A. J.$q(André Jean),$cO.P.,$d1898-1982.$0(OLS)http://pul/name/13 245 13$aLa révélation d'Hermès Trismégiste /$cpar le R.P. Festugière, O.P. 250 $a2e éd. 260 $aParis :$bJ. Gabalda,$c1949-1950. 300 $a4 v. ;$c26 cm. 490 1 $aEtudes bibliques 505 1 $a1. L'astrologie et les sciences occultes. Avec un appendice sur l'Hermétisme arabe, par M. Louis Massignon (1950). -- v.2. Le Dieu Cosmique (1949). --v.3. Les doctrine de l'âme, suivi de Jamblique, Traité de l'âme, traduction et commentaire; Porphyre, De l'animation de l'embryon -- 4. Le dieu inconnu et la gnose. 600 04$aHermes, Trismegistus.$0(OLS)http://pul/subject/237 600 00$aCyprianus, of Antioch. Legend.$2//eng$0(OLS)http://pul/subject/6697 650 0$aOccult sciences.$2//eng$0(OLS)http://pul/subject/3868 650 4$aAstrologia.$0(OLS)http://pul/subject/6698 700 1 $aMassignon, Louis,$d1883-1962.$0(OLS)http://pul/name/8995 830 0$aEtudes bibliques.$0(OLS)http://pul/title/4591 850 $aPUL 852 $aPUL$W1$xSL Religione 1$y3$m5 G 41$j42056$nBK-PRI$av.1$qStampati$B42056$CPULBib$Z2$F42056 $H15208 $82 852 $aPUL$W1$xDP1 Fondo Cecchetti$y53$m265 H 7$j159187$av.2$qFondi$B158727$CPULBib$Z2$F158727 $H1302 $82 941 1 $a8 996 $6245$aLa révélation d'Hermès Trismégiste$9(OLS)http://pul/title/11118 996 $6260$aParis :$bJ. Gabalda$9(OLS)http://pul/publisher/48260